| 000 | 00652nam a22002057a 4500 | ||
|---|---|---|---|
| 999 |
_c3871 _d3871 |
||
| 003 | AR-CdUCM | ||
| 008 | 190307b ||||| |||| 00| 0 spa d | ||
| 040 |
_aMUNICIPALIDAD PROVINCIAL DEL CUSCO _cBIBLIOTECA MUNICIPAL DEL CUSCO |
||
| 082 |
_a869.1 / _bK73 |
||
| 100 |
_aKolonitz, Paula _912437 |
||
| 245 | _aUn viaje a México en 1864 / | ||
| 260 |
_aMéxico : _bFondo de Cultura Económica , _c1984. |
||
| 300 |
_a190 páginas ; _c21 cm. |
||
| 440 |
_aLecturas Mexicanas _n41 _912438 |
||
| 650 |
_aLiteratura Méxicana _99769 |
||
| 650 |
_aLiteratura Escrita _92146 |
||
| 650 |
_aLiteratura Latinoamericana _9799 |
||
| 942 |
_2ddc _cLIBROS |
||
| 945 | _artm | ||